[Event "Groningen"]
[Site "Groningen"]
[Date "1992.??.??"]
[Round "1"]
[White "Christiansen, Larry Mark"]
[Black "Hansen, Curt"]
[Result "0-1"]
[WhiteElo "2625"]
[BlackElo "2635"]
[Annotator "Ftacnik,L"]
[PlyCount "72"]
[EventDate "1992.12.??"]
[EventType "tourn"]
[EventRounds "9"]
[EventCountry "NED"]
[EventCategory "14"]
[SourceTitle "CBM 034"]
[Source "ChessBase"]
[SourceDate "1993.06.01"]
[SourceVersion "1"]
[SourceVersionDate "1993.06.01"]
[SourceQuality "1"]

1. d4 d5 2. c4 dxc4 3. e3 Nf6 4. Bxc4 e6 5. Nf3 c5 6. Qe2 a6 7. dxc5 Bxc5 8.
O-O Qc7 9. e4 Ng4 $1 10. e5 $2 (10. Nc3 $6 Nc6 11. h3 $2 Nd4 $1 $19) (10. Nbd2
Nc6 11. a3 Nd4 12. Qd3 $1) 10... Nxf2 $1 11. Be3 (11. Rxf2 Bxf2+ 12. Kxf2 b5 $1
$19) 11... Ng4 12. Bxc5 Qxc5+ 13. Kh1 Nc6 14. Nc3 Ngxe5 15. Nxe5 Nxe5 $1 (15...
Qxe5 16. Qg4 O-O 17. Rae1 Qc7 18. Ne4 $132) 16. Qh5 O-O $1 (16... Qxc4 17. Qxe5
O-O 18. Rf4 Qd3 19. Rd1 Qc2 20. Rg4 f6 21. Qg3 $36) 17. Bb3 (17. Rf4 Nd3 $1 $19
) (17. Ne4 Qxc4 18. Qxe5 Qd5 $19) 17... f6 $1 18. Rac1 $2 Nd3 19. Rf5 $1 (19.
Qxc5 Nxc5 20. Bc2 b5 $19) 19... g6 (19... Nf2+ 20. Kg1 Qe3 21. Rf1 Ne4+ 22. Kh1
Nd2 $19) 20. Rxc5 gxh5 21. Rxc8 Nxc1 22. Bxe6+ Kh8 23. Rxa8 Rxa8 24. Bd5 Re8
25. h4 b5 26. Kh2 Nd3 27. b3 f5 28. Bf3 Rc8 29. Nd5 Rc2 30. a4 b4 31. Ne7 Ne5
32. Bxh5 f4 33. Kg1 Rb2 34. Nd5 Rxb3 35. Kf1 a5 36. Nxf4 Ra3 0-1

[Event "ISL-FRA"]
[Site "Reykjavik"]
[Date "1993.??.??"]
[Round "4"]
[White "Kouatly, Bachar"]
[Black "Thorhallsson, Throstur"]
[Result "1-0"]
[WhiteElo "2505"]
[BlackElo "2430"]
[Annotator "Ftacnik,L"]
[PlyCount "71"]
[EventDate "1993.??.??"]
[EventType "schev"]
[EventRounds "10"]
[EventCountry "ISL"]
[SourceTitle "CBM 035"]
[Source "ChessBase"]
[SourceDate "1993.08.01"]
[SourceVersion "1"]
[SourceVersionDate "1993.08.01"]
[SourceQuality "1"]

1. d4 d5 2. c4 dxc4 3. e3 Nf6 4. Bxc4 e6 5. Nf3 a6 6. Qc2 $5 c5 7. dxc5 Bxc5 8.
Bb5+ Bd7 $1 (8... axb5 9. Qxc5 $14) 9. Qxc5 (9. Bxd7+ Nbxd7 $10) 9... Bxb5 10.
Nc3 Nbd7 11. Qd6 Bc6 12. Nd4 $5 (12. O-O Qe7 13. Qxe7+ Kxe7 14. b3 Rhd8 15.
Ba3+ Ke8 $10) 12... Bxg2 $6 (12... Rc8 $1 13. O-O Qe7 $10) 13. Rg1 Ne4 14. Nxe4
Bxe4 15. Nxe6 $1 (15. Rxg7 Bg6) 15... fxe6 16. Rxg7 Qf6 (16... Bg6 17. Qxe6+
Kf8 18. Rxd7 $18) (16... Bd5 17. e4 Nc5 (17... Bxe4 18. Qxe6+ Kf8 19. Qf7#) (
17... Qa5+ 18. Bd2 $18) 18. Qxc5 $16) (16... Bf5 17. e4 Bh3 18. Bg5 Nf6 $8 19.
Qxd8+ Rxd8 20. Bxf6 $18) 17. Qxd7+ Kf8 18. Bd2 Qxg7 19. Bb4+ Kg8 20. Qxe6+ Qf7
21. Qxe4 $18 Re8 22. Qg2+ Qg6 23. Qxb7 Qg1+ 24. Ke2 Qg4+ (24... Qxa1 25. Bc3
Qg1 26. Qd5+ Kf8 27. Bxh8 $18) 25. Kf1 Rd8 26. f3 $1 (26. Rc1 Rd1+ 27. Rxd1
Qxd1+ 28. Kg2 Qg4+ $10) 26... Qh3+ 27. Kg1 h5 28. Kh1 Rd7 29. Rg1+ Kf7 30. Qe4
Rh6 31. Bc3 {/\ Rg7+-} Kf8 32. Qf4+ Ke8 33. Rg8+ (33. Qxh6 $4 Qxf3+ 34. Rg2
Rd1+) 33... Ke7 34. Qf8+ Ke6 35. Qxh6+ Kd5 36. Qf4 (36. Rg5+ Kc4 37. Qxa6#) 1-0

[Event "Olympiad-31"]
[Site "Moscow"]
[Date "1994.12.12"]
[Round "11.2"]
[White "Georgiev, Kiril"]
[Black "Brunner, Lucas"]
[Result "1-0"]
[WhiteElo "2615"]
[BlackElo "2525"]
[Annotator "Hecht,H"]
[PlyCount "149"]
[EventDate "1994.12.01"]
[EventType "team-swiss"]
[EventRounds "14"]
[EventCountry "RUS"]
[SourceTitle "CBM 045"]
[Source "ChessBase"]
[SourceDate "1995.04.01"]
[SourceVersion "1"]
[SourceVersionDate "1995.04.01"]
[SourceQuality "1"]
[WhiteTeam "Bulgaria"]
[BlackTeam "Switzerland"]
[WhiteTeamCountry "BUL"]
[BlackTeamCountry "SUI"]

1. d4 d5 2. c4 dxc4 3. Nf3 Nf6 4. e3 e6 5. Bxc4 c5 6. Qe2 a6 7. dxc5 Bxc5 8.
O-O b5 9. Bd3 Nbd7 10. b3 Bb7 11. Bb2 O-O 12. Nbd2 Bd6 13. Rfd1 Nc5 14. Bc2 Qe7
15. Ng5 h6 16. Ngf3 Rfd8 17. Rac1 Rac8 18. b4 Ncd7 19. a3 Rc7 20. Bb3 Bd5 21.
Bxd5 Nxd5 22. Rxc7 Bxc7 23. Rc1 N7b6 24. g3 Rc8 25. e4 Nf6 26. Nd4 Qe8 27. N4b3
Nfd7 28. Kg2 Bd6 29. Rxc8 Qxc8 30. Qd3 Bf8 31. Na5 Qc7 32. Bd4 Na4 33. Nf3 Qc8
34. Ne5 Nxe5 35. Bxe5 Be7 36. h4 Bd8 37. Nc6 Qxc6 38. Qxd8+ Kh7 39. f3 Nb6 40.
Qf8 f6 41. Bxf6 gxf6 42. Qf7+ Kh8 43. Qf8+ Kh7 44. Qf7+ Kh8 45. Qf8+ Kh7 46.
Qf7+ Kh8 47. Qxf6+ Kh7 48. Qf7+ Kh8 49. Qg6 Nd7 50. Qxh6+ Kg8 51. Qg6+ Kf8 52.
h5 {QN <->Q3P. The white passed Ph5 gives white the advantage because of the
bad Nd7.} Ne5 53. Qh6+ Ke7 54. Qg5+ Kd6 55. Qd8+ Nd7 56. h6 Qc2+ 57. Kh3 Qd1
58. Kg4 Kc6 59. Qh8 Qh1 60. e5 (60. Qg7 Kd6 61. h7 Ne5+ $6 (61... Qxh7 $1 62.
Qxh7 Nf6+ 63. Kg5 Nxh7+ 64. Kg6 Nf8+ 65. Kf7 $13) 62. Kg5 (62. Kf4 Qc1#) 62...
Qxf3 (62... Nxf3+ 63. Kf4 (63. Kf6 Qa1+ 64. Kf7 Ne5+ 65. Kg8 Qc3 66. h8=Q Qc8+
67. Kh7 $18) 63... Qf1 64. h8=Q Ne5+ 65. Kg5 (65. Ke3 Nc4+ 66. Kd4 Qf2+ 67. Kc3
Qb2+ 68. Kd3 Qd2#) 65... Qc1+ (65... Nf7+ 66. Qxf7 Qxf7 67. Qd4+ $18) 66. Kf6 (
66. Kh4 Qh1+ 67. Kg5 Qxh8 68. Qxh8 Nf7+ 69. Kf6 Nxh8 70. Kg7 Ke5 71. Kxh8 Kxe4
72. g4 (72. Kg7 Kf5 73. g4+ Kg5 $19) 72... Kf4 73. Kg7 Kg5 $19) 66... Qf1+ 67.
Kg5 Qc1+ $10 68. Kh4 Qh1+ 69. Kg5 Qxh8) 63. Qxe5+ Kxe5 64. h8=Q+ Kxe4 (64...
Kd6 65. Qd8+ $16) 65. Qa8+ Ke3 66. Qxf3+ Kxf3 67. Kf6 Kxg3 68. Kxe6 $18) 60...
Nxe5+ (60... Kd5 61. f4 Qd1+ 62. Kg5 Qd3 63. g4 $18) 61. Qxe5 Qxh6 62. Qc5+ $18
{White demonstates a good winning technic.} Kd7 63. Qa7+ Ke8 64. Qb8+ (64. Qxa6
Qg6+ 65. Kh3 Qh6+ 66. Kg4 Qg6+ 67. Kf4 Qf5+ 68. Ke3 Qe5+ 69. Kd3 Qd5+ 70. Ke2
Qe5+ 71. Kf1 Qa1+ 72. Kg2 Qb2+ 73. Kh3 Qh8+ 74. Kg4 Qg7+ $10) 64... Kd7 65.
Qb7+ Ke8 66. Qc8+ Ke7 67. Qg8 Qh2 68. Qg7+ Ke8 69. Qg6+ Ke7 70. Qg5+ Kd7 71.
Qg7+ Ke8 72. Qe5 Ke7 (72... Qh6 73. Qh5+ $18) (72... Qa2 73. f4 $18) 73. Qc5+
Kd7 74. Qa7+ Ke8 75. Qxa6 1-0

[Event "Vidmar Memorial 12th "]
[Site "Portoroz"]
[Date "1997.07.05"]
[Round "1"]
[White "Kozul, Zdenko"]
[Black "Chernin, Alexander"]
[Result "1/2-1/2"]
[WhiteElo "2605"]
[BlackElo "2640"]
[Annotator "Huzman,A"]
[PlyCount "112"]
[EventDate "1997.07.05"]
[EventType "tourn"]
[EventRounds "9"]
[EventCountry "SLO"]
[EventCategory "15"]
[SourceTitle "CBM 061"]
[Source "ChessBase"]
[SourceDate "1997.11.23"]
[SourceVersion "1"]
[SourceVersionDate "1997.11.23"]
[SourceQuality "1"]

1. d4 Nf6 2. c4 e6 3. Nf3 d5 4. Nc3 dxc4 5. e3 a6 6. Bxc4 b5 7. Bd3 Bb7 8. Qe2
(8. a3 c5 9. dxc5 Bxc5 10. b4 Bd6 (10... Be7 11. O-O Nbd7 12. Bb2 O-O 13. Rc1
Rc8 14. e4 Nb6 15. Qe2 Nc4 16. Bxc4 Rxc4 17. Ne5 Rc7 18. Rfd1 Qc8 19. f3 Rd8
20. Qe3 Ne8 21. Rxd8 Qxd8 22. Rd1 Qc8 23. Nb1 h6 24. Nd3 Rc2 25. Bd4 {Banikas,
H-Morozevich,A/WchJM U20 1997/EXP 59/1-0 (57)}) 11. Bb2 O-O 12. Rc1 Qe7 13. O-O
Nbd7 14. Qe2 Rac8 15. Rfd1 Nb6 16. Nd2 Rfd8 17. h3 Bb8 18. Nb3 Nc4 19. Bxc4
Rxd1+ 20. Nxd1 Rxc4 21. Rxc4 bxc4 22. Nc5 Qd6 23. f4 Bd5 24. Be5 Qb6 25. Nc3
Ba7 26. Bxf6 gxf6 27. Qg4+ Kh8 28. Nxd5 exd5 29. Qc8+ Kg7 {1/2-1/2 Epishin,
V-Ivanov,S/St.Petersburg 1997/CBM 59}) 8... b4 (8... Nbd7 9. e4 c5 10. e5 Bxf3
11. gxf3 cxd4 12. Nxb5 Nc5 13. exf6 Nxd3+ 14. Qxd3 Qa5+ 15. Bd2 Qxb5 16. Qxd4
Bc5 17. Qe4 O-O 18. fxg7 Rfd8 19. Bc3 Rd5 20. Qe2 Bb4 21. Qxb5 {1/2-1/2
Fiorito,F-Sorokin,M/ARG-chT Buenos Aires 1995/EXT 95ch}) 9. Na4 Qd5 $1 (9...
Nbd7 $5 {[%cal Yc7c5]} 10. e4 c5 11. dxc5 (11. d5 $2 exd5 12. exd5+ Qe7 $17) (
11. e5 Nd5 12. O-O {looks similar to merano line}) 11... Nxc5 12. Nxc5 Bxc5 13.
O-O $14) 10. Qc2 {[%cal Gc2c7]} (10. O-O Nbd7 {[%cal Yc7c5]}) 10... Nbd7 11. b3
(11. Qxc7 $2 Rc8 12. Qg3 (12. Qf4 Bd6 (12... Qc6 13. Nc5 Bxc5 14. dxc5 Nxc5 $36
) 13. Qh4 h6 {[%csl Rh4][%cal Yg7g5]}) 12... Qc6 13. Nc5 Bxc5 14. dxc5 Nxc5 15.
Bc2 O-O {[%cal Yc6b5]}) 11... Bd6 (11... c5 12. Bb2 cxd4 13. Bxd4 e5 (13... Qh5
{[%cal Ye6e5,Ye5e4]}) 14. Bc4) 12. Bb2 O-O 13. Rd1 {[%cal Gd1d5]} Rfc8 14. h3 (
14. O-O Qh5 15. e4 c5 16. dxc5 (16. Qb1 $5) 16... Bxc5 $15 {[%csl Ra4]}) 14...
Qh5 15. e4 c5 16. dxc5 (16. Qe2 cxd4 17. Bxd4 Qg6 {[%cal Yg6e4,Yg6g2]} 18. O-O
$1 Nh5 $1 $36 {[%cal Yh5f4]}) 16... Bxc5 17. Qe2 (17. O-O Ba7 {-game}) 17...
Ba7 18. O-O $11 Nc5 19. Nxc5 Bxc5 20. Rd2 a5 21. Rfd1 Rd8 {[%csl Re4] White
have problem with pawn e4,after e4-e5 black receive square d5 and strong
pressure on the diagonal a8-h1.} 22. Bxf6 {White try to neutralize pressure to
pawn e4.} gxf6 23. Bb5 Rxd2 24. Rxd2 Qg6 $6 {[%cal Yb7e4,Yg6e4]} (24... f5 $142
25. exf5 Qxf5 26. Rd7 $11) 25. Rc2 $1 Bf8 (25... Rc8 $6 26. Rc4 $1 {[%cal
Ge2c2]} (26. Ba6 Bxf2+ 27. Kxf2 Rxc2 28. Qxc2 Bxa6 $17) 26... Ba7 27. Rxc8+
Bxc8 28. Qc4 Bb7 29. Bc6 $16) 26. Bc6 Ba6 $1 {After exchange of whitecolour
bishops, knight of white gets much more stronger than bishop of black.} (26...
Bxc6 27. Rxc6 $16) 27. Qd1 Rc8 28. Ba4 $6 (28. Qd7 Qh6 $11 {[%cal Yh6f4,Yf4d6]}
) 28... Qxe4 29. Rxc8 Bxc8 30. Qd8 Bb7 31. Qxf6 {[%csl Rf7][%cal Ga4e8]} Qb1+
32. Kh2 Qf5 $6 (32... Qg6 33. Qf4 Bd5 $15) 33. Qxf5 exf5 34. Nd4 {[%cal Gd4f5,
Ga4c6]} Bd6+ 35. Kg1 Be4 {[%cal Ye4b1,Yb1a2]} 36. Bd7 $132 {[%csl Rf5]} Bb1 (
36... f4 37. Bf5 $11) 37. Nxf5 Bc5 $1 {[%csl Ra2,Rb3] In case of exchange
blacksquare bishop of black for knight of white black will have good chanses
to win because of weaknesses of pawn a2 and b3} 38. Ne3 Bxe3 39. fxe3 Bxa2 40.
Ba4 Bb1 {[%cal Yb1e4,Yg8g7,Yg7e5]} 41. Kf2 {[%cal Gf2g3,Gg3f4]} Be4 (41... Kg7
42. Kf3 Kf6 43. Kf4 {[%cal Gg2g4,Gh3h4,Gg4g5]}) 42. g4 Kg7 43. Kg3 Kf6 44. Kf4
Bc2 45. e4 (45. g5+ Ke6 46. h4 f6 {-see game}) 45... Ke6 46. g5 f6 47. h4 fxg5+
48. hxg5 Bd1 $22 49. Ke3 (49. e5 $2 Bc2 $19) 49... Ke5 50. Kd3 {[%cal Gd3b5,
Gb5a5]} Bf3 (50... Kf4 51. Kd4 (51. g6 $1 hxg6 52. Kd4 g5 53. e5 g4 54. e6 g3
55. e7 Bh5 56. Bc6 Be8 (56... Bg6 57. Kc4 Ke5 58. Kb5 Kd6 59. Bg2 Kxe7 60. Kxa5
Kd6 61. Kxb4 Bf7 62. Kc3 Bd5 63. Bf1 Ke5 64. b4 $11 {[%cal Gb4b6]}) (56... Kf5
$2 57. Ke3 $18) 57. Bxe8 $1 (57. Bg2 Kf5 $19 {[%cal Yf5f6,Ya5a4]}) 57... g2 58.
Bf7 g1=Q+ 59. Kc4 Qf1+ 60. Kc5 Qf2+ 61. Kc6 Qc2+ 62. Kb6 a4 $11 (62... Qf2+ $2
63. Kb7 Qg2+ 64. Kb8 $16)) (51. Kc4 Kxg5 52. Kb5 h5 53. Kxa5 h4 54. e5 h3 55.
Bc6 h2 56. Kxb4 Kf5 57. Kc3 Kxe5 58. b4 Kf4 59. b5 Bf3 $19) 51... Kxg5 52. e5
h5 53. Kc5 h4 54. e6 Kf6 $1 (54... h3 55. e7 Bh5 56. e8=Q Bxe8 57. Bxe8 h2 58.
Bc6 a4 59. Kxb4 axb3 60. Kxb3 $11) 55. Kd6 h3 56. e7 Bh5 57. e8=Q Bxe8 58. Bxe8
h2 59. Bc6 a4 60. bxa4 b3 61. a5 b2 62. a6 b1=Q 63. a7 h1=Q 64. Bxh1 Qxh1 $19)
51. Kc4 Bxe4 52. Be8 (52. Kb5 Kd4 53. Kxa5 Kc3 $19) 52... Bc2 (52... Bd5+ $1
53. Kb5 Kd4 54. Kxa5 Kc3 55. g6 (55. Bd7 Bxb3 56. Bf5 Bg8 $19) 55... hxg6 56.
Bxg6 Bxb3 57. Bf5 (57. Bh5 Bc2 58. Bf7 Bd3) 57... Bd1 58. Be6 Be2 59. Ka4 Bc4
60. Bf5 b3 61. Ka3 b2 62. Bg6 Bb3 63. Bb1 Bd1 $22 64. Ka2 (64. Bg6 Bc2 $19)
64... Bc2 $19) 53. Kb5 Kd4 54. Bf7 Kc3 55. Kxa5 Bd1 (55... Bxb3 56. g6 hxg6 57.
Bxg6 Bd1 58. Bf7 Be2 $19) 56. Bg8 Bc2 1/2-1/2

[Event "RUS-ch51"]
[Site "St Petersburg"]
[Date "1998.08.02"]
[Round "6"]
[White "Ulybin, Mikhail"]
[Black "Karpatchev, Aleksandr"]
[Result "1-0"]
[WhiteElo "2555"]
[BlackElo "2515"]
[Annotator "Huzman,A"]
[PlyCount "53"]
[EventDate "1998.07.28"]
[EventType "swiss"]
[EventRounds "11"]
[EventCountry "RUS"]
[SourceTitle "CBM 067"]
[Source "ChessBase"]
[SourceDate "1998.11.30"]
[SourceVersion "2"]
[SourceVersionDate "1998.11.01"]
[SourceQuality "1"]

1. d4 d5 2. Nf3 Nf6 3. c4 dxc4 4. e3 e6 5. Bxc4 a6 6. Qe2 c5 7. dxc5 Bxc5 8.
O-O b5 9. Bd3 Nc6 10. Nbd2 O-O 11. a3 $5 $146 Bb7 (11... Qc7 12. b4 Bd6 13. Bb2
(13. Ne4 Nxe4 14. Bxe4 Bb7 15. Bb2 Ne7) 13... Ne5 14. Rac1 Qb8 15. Nxe5 Bxe5
16. Bxe5 Qxe5 17. Rc5 $14 {/+/-}) (11... Bd6 {[%cal Yc6e5]} 12. Ne4 $1) 12. b4
Be7 (12... Bd6 13. Bb2 {[%cal Gd2e4]}) 13. Bb2 Qb6 14. Rfc1 (14. Ne4 Nxe4 15.
Bxe4 a5 $1 $132) 14... Rfd8 15. Ne4 $1 Nxe4 (15... Nd7 16. h4 $5 $36 {>>}) 16.
Bxe4 {[%cal Ge2c2,Gc2h7,Gc1c6,Ge4c6]} Rac8 17. h4 $1 {[%cal Gf3g5,Ge2h5,Gh5h7,
Rg5f7,Yg5h7,Yb2g7,Ye4h7,Rh5f7]} h6 18. h5 {[%csl Rg7][%cal Ge2g4,Gg4g7,Gb2g7]}
a5 19. Nd4 $1 {[%cal Ge2g4,Gg4g7,Gb2g7]} Nxd4 (19... axb4 {[%tqu "En","Find
the best move...","","","d4e6","",10]} 20. Nxe6 $1 fxe6 21. Qg4 e5 (21... Bg5
22. Qxe6+ Kf8 23. Be5 (23. Bh7 $40) 23... b3 24. Rab1 $16 (24. Bg6 Nxe5 $1 25.
Qxb6 b2 26. Rcb1 bxa1=Q 27. Rxa1 $16)) 22. Qe6+ Kh8 23. Qg6 Kg8 24. Bxe5 $1 $18
Bf8 25. Qe6+ Kh8 26. Qxh6+ Kg8 27. Bh7+ Kf7 28. Qg6+ Ke7 29. Bg8 $18) 20. Bxd4
Qa6 21. Bxb7 Rxc1+ (21... Qxb7 22. Rxc8 Rxc8 23. bxa5 $16) 22. Rxc1 Qxb7 23.
Qg4 $1 Bf8 24. bxa5 Rc8 $2 (24... Rd5 $142 $1 {[%csl Ra3,Rh5][%cal Yd5g5,Yg3g2,
Yg5g2,Yb7g2]} 25. f4 (25. Bf6 Rf5) (25. Bb2 Rg5 26. Qh3 b4 $11) 25... Qa8 26.
Kh2 (26. Bb6 Bxa3) 26... Qxa5 27. Rc8 Rd8 $11) 25. Rd1 Qa6 $2 (25... Qa8 26.
Bb6 Bxa3 27. Rd7 $36) 26. Bb6 Bxa3 27. Rd7 $16 (27. Rd7 Bb2 (27... Qa8 28. Qf4
(28. Bd4 Bf8 29. Qf4 f6 $132) 28... Rf8 29. Bd4 $1 (29. Qe5 {[%cal Ge5b5,Gb6d4,
Gd4g7,Gd7g7]} Qc6 30. Rc7 Qd6) (29. e4 $5 Qc6 30. Rc7 Qd6) 29... Qc6 30. Qg3 g5
$1 (30... g6 31. Qxg6+ (31. Rc7 $16) 31... fxg6 32. Rg7+ Kh8 33. Rxg6+ e5 (
33... Kh7 34. Rg7+ Kh8 35. Rc7+ e5 36. Rxc6 exd4 37. Rxh6+ Kg7 38. Rg6+ Kh7 39.
exd4 $11) 34. Rxc6 exd4 $11) 31. Rc7 (31. Qe5 f6 32. Qc7 Qxc7 33. Rxc7 e5)
31... Qd5) 28. Qb4 Be5 29. f4 $16 {[%csl Ra6,Rb5][%cal Gd7a7]}) 1-0

[Event "Mermaid Beach Club"]
[Site "Bermuda"]
[Date "1999.01.22"]
[Round "2"]
[White "Pelletier, Yannick"]
[Black "Thorhallsson, Throstur"]
[Result "0-1"]
[WhiteElo "2483"]
[BlackElo "2499"]
[Annotator "Huzman,A"]
[PlyCount "76"]
[EventDate "1999.01.21"]
[EventType "tourn"]
[EventRounds "13"]
[EventCountry "BER"]
[EventCategory "9"]
[SourceTitle "CBM 069"]
[Source "ChessBase"]
[SourceDate "1999.04.01"]
[SourceVersion "1"]
[SourceVersionDate "1999.04.01"]
[SourceQuality "1"]

1. c4 e6 2. Nf3 d5 3. d4 dxc4 4. e3 a6 5. Bxc4 Nf6 6. Qe2 c5 7. dxc5 Bxc5 8.
O-O b5 9. Bd3 Nc6 10. Nc3 O-O 11. Ne4 Be7 12. Nxf6+ Bxf6 13. Qc2 (13. Bxh7+
Kxh7 14. Qc2+ Kg8 15. Qxc6 Rb8 16. e4 Bb7 17. Qc2 Rc8 18. Qe2 Rc4 $44 {0-1
Fatalibekova,E-Ruchieva,N/Ch Russia (w) (play-off) Elista (Russia 1998 (48)})
13... Nb4 14. Bxh7+ Kh8 15. Qc5 {[%cal Gc5h5,Gh5h8]} Kxh7 16. Qxb4 Bb7 17. Nd2
(17. Qg4 Qd3 $1 $44 (17... Rh8 {[%cal Yh7g8,Yh8h6,Yh6g6]} 18. e4 Qd3 19. Re1 (
19. e5 Bxf3 20. gxf3 Be7 21. Be3 (21. Qe4+ Qxe4 22. fxe4 Rac8 $44) 21... Rad8
22. Rac1 $14) 19... Kg8 20. Bg5 $16)) 17... Rh8 $1 {[%cal Yh7g8,Yh8h4,Gh4b4,
Gh4h2]} 18. a4 a5 $1 19. Qf4 (19. Qg4 b4 20. Ne4 Bxe4 21. Qxe4+ Kg8 $44) 19...
b4 $44 {Black has full compensation for a pawn. It is difficult for White to
develop their pieces,their pawns are weak,and Black`s Bishops put an
unpleasant pressure.} 20. e4 (20. Ne4 Bxe4 $44 (20... Be7 $5 21. Ng3 Kg8 $44 {
[%csl Rc1]})) 20... Qd4 21. Nf3 $6 (21. Qc7 Ba6 22. Re1 (22. Rd1 Be5 23. Qxf7
Raf8 24. Qxe6 Be2 $19) 22... Be5 $1 23. Qc2 Bxh2+ $1 24. Kxh2 Qxf2 $19) (21.
Re1 $142 Kg8 (21... Be5 22. Nf3 $1) 22. Nf3 Qd3 $44) 21... Qxe4 22. Ng5+ Bxg5
23. Qxe4+ Bxe4 24. Bxg5 Rhc8 $15 {[%csl Ra4,Rb2] Black returned a pawn,but
White still keeping their weaknesses.} 25. Rfe1 (25. Rfc1 Bc2 $1) 25... Bd5 $1
{[%csl Ra4][%cal Yd5b3]} 26. Rec1 Bb3 27. Rxc8 Rxc8 28. Rc1 Ra8 $1 (28... Rxc1+
29. Bxc1 Bxa4 30. Be3 Bb5 31. Bb6 a4 32. Bc5 a3 (32... b3 33. f3 Kg6 34. Kf2
$11) 33. bxa3 b3 34. Bd4 Kg6 35. f3 Kf5 36. Kf2 e5 37. Bb2 $11) 29. Ra1 (29.
Rc7 Kg6 30. Be3 Bxa4 31. Ra7 Rd8 32. f3 Rd5 $17) 29... Kg6 30. Be3 Kf5 31. Bb6
(31. f3 $142 Ra6 $1 (31... Ke5 32. Bb6 Kd6 33. Rc1 $132) 32. Kf2 Ke5 (32... Rc6
33. Bc1 (33. Rc1)) 33. Ke2 Kd5 $15) 31... Ra6 32. Bc7 Ke4 33. h4 (33. Rc1 Bxa4
34. Rc5 (34. Ra1 Bb3 35. Rxa5 (35. Bxa5 Kd3 $19) 35... Rc6 36. f3+ Kd3 37. Bf4
Rc2 38. Bd6 $11)) 33... f6 34. Rc1 Kd5 $1 35. Ra1 (35. f3 Bxa4 36. Ra1 Kc6 37.
Bd8 Kb5 $19 {[%csl Rb2][%cal Ya6d6,Yd6d2]}) 35... Bc2 $1 $19 {[%csl Rb2][%cal
Yd5b3,Yb3b2]} 36. h5 e5 $1 {[%csl Rb2,Rc7]} (36... Kc4 $5 37. Bd8 e5 $19) 37.
g4 (37. Rc1 b3 $19) 37... Kc6 $1 38. Rc1 b3 0-1

[Event "Goodricke op 12th"]
[Site "Kolkata"]
[Date "2001.02.09"]
[Round "4"]
[White "Komarov, Dimitri"]
[Black "Murali Krishnan, BT."]
[Result "1-0"]
[WhiteElo "2540"]
[BlackElo "2353"]
[Annotator "Huzman,A"]
[PlyCount "55"]
[EventDate "2001.02.06"]
[EventType "swiss"]
[EventRounds "11"]
[EventCountry "IND"]
[SourceTitle "CBM 082"]
[Source "ChessBase"]
[SourceDate "2001.05.17"]
[SourceVersion "1"]
[SourceVersionDate "2001.05.17"]
[SourceQuality "1"]

1. d4 d5 2. Nf3 Nf6 3. c4 dxc4 4. e3 e6 5. Bxc4 c5 6. Qe2 cxd4 7. exd4 Be7 8.
O-O O-O 9. Nc3 a6 10. Bg5 b5 11. Bb3 b4 12. Ne4 Bb7 13. Bxf6 Bxf6 14. Rad1 (14.
Rfd1 Bd5 15. Nxf6+ gxf6 16. Rac1 Nc6 17. Bxd5 Qxd5 18. Qd2 Rfd8 19. Qh6 Rac8
20. h4 Qf5 21. Rc5 Ne5 22. Nxe5 fxe5 23. Qc1 {1-0 Konstantinopolsky,A-Ragozin,
V/corr ch URS 1955 (23)}) 14... Be7 (14... Bd5 15. Nxf6+ (15. Bxd5 exd5 (15...
Qxd5 16. Nxf6+ gxf6 17. Rc1 $1 Nd7 (17... Nc6 18. Rc4 Na5)) 16. Nxf6+ Qxf6 17.
Ne5 $14) 15... gxf6 16. Rc1 $36) 15. Ne5 Nc6 $2 (15... Bd5 16. Nc5 (16. Bc4 Ra7
) (16. Qe3 Ra7 17. Rc1 Bxb3 18. axb3 Qd5 $11) 16... Bxb3 17. axb3 Qd5 18. Qc4
Rd8 $14) 16. Nc5 Bxc5 17. dxc5 Qc7 (17... Qe7 18. Rd7 Qxc5 19. Nxf7 Nd4 20.
Rxd4 Qxd4 21. Qxe6 $18) 18. Nxf7 $1 Na5 $2 (18... Rxf7 19. Qxe6 Na5 (19... Ne5
20. Rfe1 Qxc5 21. Re3 Kh8 22. Qxe5 $18) 20. Qxf7+ (20. Rd7 Qxd7 21. Qxd7 Nxb3
22. Qd6 Na5 $13) 20... Qxf7 21. Bxf7+ Kxf7 22. Rd7+ Kf6 23. Rfd1 $16) 19. Nd6
Nxb3 20. Qxe6+ Kh8 21. Qxb3 $18 Bc6 22. Qxb4 h6 23. Rfe1 Rab8 24. Qd4 a5 25. a3
Ra8 26. Rd3 Rf6 27. Rg3 Rd8 28. b4 1-0

[Event "EU-ch 3rd"]
[Site "Batumi"]
[Date "2002.06.23"]
[Round "11"]
[White "Kacheishvili, Giorgi"]
[Black "Markowski, Tomasz"]
[Result "1/2-1/2"]
[WhiteElo "2584"]
[BlackElo "2538"]
[Annotator "Huzman,A"]
[PlyCount "124"]
[EventDate "2002.06.12"]
[EventType "swiss"]
[EventRounds "13"]
[EventCountry "GEO"]
[SourceTitle "CBM 090"]
[Source "ChessBase"]
[SourceDate "2002.09.20"]
[SourceVersion "1"]
[SourceVersionDate "2002.09.20"]
[SourceQuality "1"]

1. d4 d5 2. c4 dxc4 3. e3 Nf6 4. Bxc4 e6 5. Nf3 a6 6. Qe2 b5 7. Bd3 Nbd7 8. a4
b4 9. Nbd2 Bb7 10. e4 c5 11. e5 Nd5 12. Nb3 (12. Nc4 $5 cxd4 $140 13. Bg5)
12... cxd4 13. O-O g6 $1 (13... Bc5 14. Bd2 Bb6 15. Rfe1 Nc5 16. Nxc5 Bxc5 17.
Bb5+ Kf8 18. Bd3 h6 19. Rac1 Bb6 20. Rc4 Rc8 21. Rec1 a5 22. Nxd4 Bxd4 23. Rxd4
Rxc1+ 24. Bxc1 $14 {1/2-1/2 Shipov,S-Skomorokhin,R/Paris 1995/EXT 97 (49)}) 14.
Re1 (14. Bg5 Qb8 15. Nbxd4 Bg7 16. Rfe1 O-O $11) 14... Bg7 15. Qe4 O-O 16. Qxd4
(16. Bg5 $142 Qb8 17. Qxd4 h6 18. Bd2 a5 $11) 16... Ne7 $1 {[%csl Re5][%cal
Ye7c6,Yc6e5,Yd7e5,Yg7e5]} 17. Be4 $8 Nc6 18. Qe3 Qc7 19. Nc5 $8 Nxc5 20. Qxc5
Rfc8 21. Bf4 Bf8 (21... Qb8 22. Rac1 Nxe5 23. Qxc8+ Bxc8 24. Bxe5 Bxe5 25. Nxe5
Qxe5 26. Bxa8 Qb8 27. Bc6 Bb7 28. Red1 $11) 22. Qe3 Ne7 $1 23. Ng5 (23. Rac1
Qd7 $15) 23... Nd5 24. Qh3 h6 25. Bxd5 Bxd5 26. Ne4 Bxe4 27. Rxe4 Qc2 28. Rae1
g5 (28... Rd8 $5 29. Kf1 Rd3 $36) 29. Qg4 Bg7 30. Bg3 Qxb2 31. h4 $1 $132 {
Black's king is weak and he has no chances to win this game.} (31. Rxb4 Rc1 32.
Qe4 Qd2 $36) 31... Qd2 32. hxg5 hxg5 33. R4e2 Qc3 34. Re3 Qc2 35. Qxb4 $11 Rc6
(35... Rc4 36. Qb7 $11) 36. Re4 Rac8 37. Qe7 Qd2 38. Kh2 R8c7 39. Qa3 Bf8 $6
40. Qf3 {[%csl Rg8][%cal Gf3g4]} Rc1 41. Rxc1 Rxc1 42. Qg4 Rd1 (42... Qd1 43.
Qxg5+ (43. Qxd1 Rxd1 44. Rg4 Be7 45. Bh4 Kf8 46. Bxg5 Bxg5 47. Rxg5 Rd4 $11)
43... Bg7 44. Bf4 Qh1+ 45. Kg3 Rg1 46. Kf3 $16) 43. Bf4 Qxf2 44. Qxd1 Qh4+ 45.
Kg1 gxf4 $44 46. Qc1 $1 Bh6 (46... Qh5 $142) 47. Qc8+ Kg7 48. Qxa6 $16 Qg3 49.
Qe2 Qc3 50. Rc4 (50. Qg4+ Kh7 51. Kh2 $16) 50... Qa1+ 51. Kh2 Bg5 52. Qe4 Qa3
53. Qf3 Qa1 54. Qc3 (54. Re4 $5) 54... Qf1 55. a5 (55. Qd4 $142) 55... Bh4 $132
56. Kh3 Bg3 (56... Be1 $1 57. Qc2 Qh1+ 58. Kg4 Qh4+ 59. Kf3 Qg3+ 60. Ke2 Bxa5
61. Qe4 $11) 57. Qc2 (57. Qc1 Qd3 58. Qc2 Qd8 $11 {[%cal Yd8h4,Yd8a5]}) 57...
Kh6 $11 58. Kg4 Qh1 59. Kf3 Qf1+ 60. Kg4 Qh1 61. Kf3 Qf1+ 62. Kg4 Qh1 1/2-1/2